States of matter

Bibliographic Details
Main Author: Cobb, Allan B.
Format: Book
Published: London : Brown Reference Group , 2007
Edition:Volume 2
Series:Chemistry matters
Subjects:

MARC

LEADER 00000cam a2200000 7i4500
001 0000019075
005 20080613.0
008 080612
020 |a 1840442335 
090 0 0 |a 540   |b COB 
100 1 |a Cobb, Allan B. 
245 1 0 |a States of matter   |c Allan B. Cobb 
250 |a Volume 2 
260 |a London :   |b Brown Reference Group ,   |c 2007 
440 |a Chemistry matters 
650 0 |a Matter 
999 |a 0001024661   |b Book   |c Adult Collection   |e Perbadanan Perpustakaan Awam Johor 
999 |a 0001137964   |b Book   |c Adult Collection   |e Cawangan Tangkak